000 00929nam a22002057a 4500
999 _c1632
_d1632
003 AR-CdUCM
008 190227b ||||| |||| 00| 0 spa d
040 _aMUNICIPALIDAD PROVINCIAL DEL CUSCO
_cBIBLIOTECA MUNICIPAL DEL CUSCO
082 _a337 /
_bA45
100 _aAlvarez Rodrich, Augusto
_96086
245 _aLa experiencia Peruana en las negociaciones económicas internacionales /
260 _aPerú :
_bGRADE ,
_c1990.
300 _a253 páginas ;
_c20 cm.
505 _aLos problemas para la conducción de las negociaciones económicas internacionales en el Perú -- Negociaciones entre el Perú y el fondo monetario internacional sobre un programa de estabilización -- negociación sobre las exportaciones textiles peruanas...
650 _aExportaciones Peruanas.
_96087
650 _aExportaciones textiles.
_96088
650 _aNegocios internacionales.
_96089
942 _2ddc
_cLIBROS
945 _awfj
_d2019-02-27